Imiona nadane dziewczynkom w 2006 roku - Statystyki

Ogólne statystyki
  • Ten quiz został rozwiązany 49 razy
  • Średni wynik to 66 z 100
Statystyki odpowiedzi
Hint Odpowiedź % Poprawnych
O Olivia
97%
O Oliwia
97%
A Anna
94%
N Natalia
94%
W Weronika
94%
J Julia
91%
K Katarzyna
91%
P Paulina
91%
Z Zuzanna
91%
A Aleksandra
88%
P Patrycja
88%
V Victoria
88%
W Wiktoria
88%
H Hanna
85%
K Karolina
85%
D Daria
82%
Ł Łucja
82%
M Maja
82%
M Maria
82%
I Iga
79%
I Izabela
79%
L Lena
79%
Z Zofia
79%
B Barbara
76%
D Dorota
76%
E Emilia
76%
E Ewa
76%
G Gabriela
76%
K Kinga
76%
M Magda
76%
N Nicola
76%
N Nikola
76%
A Agata
74%
A Alicja
74%
A Amelia
74%
D Dominika
74%
K Kornelia
74%
M Magdalena
74%
M Marta
74%
R Róża
74%
A Agnieszka
71%
K Klaudia
71%
L Laura
71%
M Martyna
71%
M Monika
71%
N Nina
71%
P Pola
71%
E Ewelina
68%
J Jagoda
68%
J Joanna
68%
M Małgorzata
68%
M Michalina
68%
M Milena
68%
N Nadia
68%
A Aneta
65%
E Eliza
65%
H Helena
65%
J Justyna
65%
O Olga
65%
S Sylwia
65%
U Urszula
65%
A Anastazja
62%
K Kaja
62%
M Marlena
62%
S Sara
62%
V Vanessa
62%
W Wanessa
62%
K Kamila
59%
M Marcelina
59%
S Sandra
59%
A Aniela
56%
A Anita
56%
K Klara
56%
A Adrianna
53%
A Andżelika
53%
A Angelika
53%
B Beata
53%
P Paula
53%
R Rozalia
53%
A Antonina
50%
D Diana
50%
M Malwina
50%
M Marianna
50%
S Sonia
50%
B Blanka
47%
I Inga
47%
R Roksana
47%
K Karina
44%
L Lidia
44%
M Marika
44%
M Matylda
44%
N Nicole
44%
D Dagmara
41%
T Tatiana
41%
J Julita
38%
K Kalina
38%
L Liliana
35%
O Otylia
35%
J Jessica
29%
N Natasza
29%
Nie znaleziono quizów pasujących do podanych kryteriów
Rozkład punktacji
Procent ludzi z każdym wynikiem
Percentyl według liczby udzielonych odpowiedzi
Twoja historia wyników
Nie rozwiązałeś tego quizu